000 00611nmm a2200193Ia 4500
008 251105s9999||||xx |||||||||||||||||und||
020 _a8470306804
041 _aspa
100 _aRuiz Manjón, Octavio
245 0 _aLos significados del 98 :
_b La sociedad española en la génesis del siglo XX
264 _a[Madrid, España] :
_bBiblioteca Nueva,
_c2001
300 _a782 páginas
490 _aHistoria Biblioteca Nueva
650 _aHistory of Europe: Spain
700 _aRuiz Manjón, Octavio
700 1 _a Langa, Alicia
856 _uhttps://public.digitaliapublishing.com/a/3958
942 _cCF
999 _c70852
_d70852